000 00721nam a2200241Ia 4500
003 OSt
005 20220928125048.0
006 a|||||r|||| 00| 0
007 ta
008 220927b |||||||| |||| 00| 0 eng d
024 _a74725
037 _cTextual
040 _aSDCL
_cSDCL
_beng
041 _2eng
_aeng
082 _aX623.42'N9, N1
100 _aArora Dayanand
_9457766
245 0 _aInvestment banking in Japan
_b Retrospect and prospects
260 _aNew York
_b Peter Langs
_c1991
300 _axvii,169p
_ccm.
490 _aEuropean University studies : Series 5 ; economics and management.1141
942 _hX623.42'N9, N1
_cTEXL
_2CC
999 _c780772
_d780772